000 00524nam a2200169 a 4500
001 000019172
005 20200929165935.0
008 100527s1990 ck 000 j spa d
040 _aDO-SdBNP
_bspa
_cBNPHU
082 _aCh863.44
_bS487e
100 1 _aSerrano, Miguel,
_d1917-2009
_941274
245 1 0 _aElella :
_blibro del amor mágico /
_cMiguel Serrano.
260 _aBogotá, Colombia :
_bSolar,
_c1990.
300 _a81 p. : ;
_c19 cm.
650 4 _aCuentos chilenos
_914649
650 4 _aLiteratura chilena
_ySIGLO XX
_914677
999 _c18690
_d18690